Statystyki dla Największe Miasta na każdą literę w Zachodniopomorskim

Kliknij tutaj aby rozwiązać quiz!

Ogólne statystyki

  • Ten quiz został rozwiązany 70 razy
    (67 od ostatniego zresetowania)
  • Średni wynik to 11 z 17

Statystyki odpowiedzi

HintOdpowiedź% Poprawnych
SSzczecin
100%
ŚŚwinoujście
93%
KKoszalin
92%
PPolice
82%
BBiałogard
78%
GGoleniów
78%
WWałcz
75%
DDarłowo
68%
ŁŁobez
63%
CChoszczno
58%
MMyślibórz
58%
NNowogard
57%
IIńsko
52%
TTrzebiatów
47%
RResko
43%
LLipiany
37%
ZZłocieniec
33%

Rozkład punktacji

Percentyl według liczby udzielonych odpowiedzi

Procent ludzi z każdym wynikiem

Twoja historia wyników

Nie rozwiązałeś tego quizu od ostatniego zresetowania